| 000 | 01869cam a22004574i 4500 | ||
|---|---|---|---|
| 003 | PE-LiUPU | ||
| 005 | 20250731172808.0 | ||
| 008 | 150617s r 000 0 d | ||
| 020 | _a8422010674 | ||
| 035 | _a(Sirsi) i9788422010678 | ||
| 040 |
_aPE-LiUPU _bspa _cPE-LiUPU _erda |
||
| 049 | _aPRUA | ||
| 082 | 0 | 4 |
_a231.18942 _bW96 / A / 50 _221 |
| 100 | 1 |
_aJuan Pablo II, Papa _qKarol Wojtyla, _eautor. |
|
| 245 | 1 | 0 |
_aEjercicios Espirituales para jóvenes / _cKarol Wojtyla ; [la traducción ha sido realizada por José Luis Legaza]. |
| 264 | 1 |
_aMadrid : _bBiblioteca de Autores Cristianos, _c1987. |
|
| 300 |
_a154 páginas ; _c19 centímetros |
||
| 336 |
_atext _2rdacontent |
||
| 337 |
_aunmediated _2rdamedia |
||
| 338 |
_avolume _2rdacarrier |
||
| 505 | 0 | _aDios el Hombre, la Religión. Dios es persona. El cristianismo, religión de la elección. La persona humana. A. Conversación con los jóvenes -- El pecado -- A. conversación con los jóvenes. Conversión. Testimonio -- El Camino Cristiano. La oración. El hombre en desarrollo. El amor. El sacramento del perdón. La eucaristía. Cristo en nosotros. | |
| 526 | _aSEG42 | ||
| 526 | _aSEG41 | ||
| 526 | _aSEG40 | ||
| 526 | _aSEG39 | ||
| 526 | _aP94 | ||
| 526 | _aP87 | ||
| 526 | _aP86 | ||
| 526 | _aP85 | ||
| 526 | _aP77 | ||
| 526 | _aP76 | ||
| 526 | _aP35 | ||
| 650 | 0 | 4 | _aEjercicios espirituales. |
| 910 |
_ajck _bjvq _cjck _d20150616 |
||
| 942 |
_2ddc _cBOOK |
||
| 949 |
_a231.18942 W96 / A / 50 _wDEWEY _c1 _i34049 _lCCODEBUL1 _mBUL _r0 _sY _tBOOK _u2015-6-17 _xTEOLOGIA _PP35 _0COMPRA _o.STAFF. Colección General |
||
| 994 |
_aC0 _bPEPRU |
||
| 596 | _a1 | ||
| 999 |
_a231.18942 W96 / A / 50 _wDEWEY _c3813 _i34049 _f2021-11-11 _g6 _lCCODEBUL1 _mBUL _r0 _sY _tBOOK _u2015-6-17 _xTEOLOGIA _PP35 _0COMPRA _o.STAFF. Colección General _d3813 |
||
| 980 |
_81 _gALBERTO SANCHEZ Responsable de Automatización |
||